00404 a2200121 4500001001000000005001700010008004100027245007600068100002600144700002500170773007000195999001700265ART_5129020260410161608.0260409a 10aEl modelo de revaluación de los bienes de uso en las normas contables1 aFaccendini, Yanina C.1 aOubiña, Gabriel H.0 tProfesional & Empresariag- Año XXI, Nº 249 (jun. 2020)wREV70 c10345d10345